000 00647nam a2200217Ia 4500
003 OSt
005 20230518112834.0
008 210423s1984 xx 000 0 und d
040 _cAL
041 _aeng
082 _a305.5122
_223
_bHIRU
100 _aHIRO (Dilip)
_9108022
245 _aUntouchables of india: report no 26 of the minority rights group london
260 _aBangalore
_bDalit Sahitya Academy
_c1984
300 _a59
_bPB
365 _b5
_cINR
650 _aSocial Classes
_9108023
650 _aSociology
_9108024
906 _a26 ; group ; india: ; london ; minority ; no ; report ; rights ; Untouchables
942 _2ddc
_cBK
999 _c172374
_d172374